Acteurs et actrices des années 1950 par images #2 - Statistiques

Statistiques générales
  • Ce quiz a été pris 123 fois
    109 depuis la dernière actualisation
  • Le résultat moyen est 7 sur 20
Statistiques - réponses
Par images Réponse % Correct
Fernandel
89%
Kirk Douglas
67%
Simone Signoret
65%
Gregory Peck
57%
Frank Sinatra
56%
Burt Lancaster
46%
Lauren Bacall
46%
Danielle Darrieux
41%
David Niven
41%
Shirley MacLaine
37%
Natalie Wood
35%
Angela Lansbury
25%
Doris Day
25%
Rock Hudson
25%
Alec Guinness
17%
Lana Turner
16%
Robert Taylor
14%
Janet Leigh
13%
Debbie Reynolds
11%
Tab Hunter
8%
Aucun quiz correspondant
Distribution des résultats
% des personnes avec chaque résultat
Percentile par nombre de réponses
Votre historique - résultats
Vous n’avez pas pris ce quiz depuis la dernière actualisation